| 000 | 00672nam a2200241 i 4500 | ||
|---|---|---|---|
| 003 | DO-SdBNP | ||
| 005 | 20230830130753.0 | ||
| 006 | a||||gr|||| 00| 0 | ||
| 007 | ta | ||
| 008 | 230828e1969 sp a|||| |||| 00| 0 spa d | ||
| 040 |
_aDO-SdBNP _bspa _cBNPHU _erda |
||
| 082 | 4 |
_222 _bC965h |
|
| 245 | 0 | 0 | _aEl cuerpo humano. / |
| 250 | _aNueva edición | ||
| 264 |
_aEspaña : _bTEIDE, _c1969 |
||
| 300 |
_a31 páginas : _bIlustraciones ; _c23 cm. |
||
| 336 |
_2rdacontent _atexto _btxt |
||
| 337 |
_2rdamedia _asin mediación _bn |
||
| 338 |
_2rdacarrier _avolumen _bnc |
||
| 490 | _aEnciclopedia Popular | ||
| 710 | 2 |
_aInstituto Americano del Libro _984027 |
|
| 942 |
_2ddc _cLF2 |
||
| 999 |
_c54560 _d54560 |
||